| 000 | 00697cam a2200265 4500 | ||
|---|---|---|---|
| 001 | J1086 | ||
| 008 | 090401t1992 xxu||||| |||| 00| 0 eng d | ||
| 035 | _a(Sirsi) u41687 | ||
| 041 | _aeng | ||
| 050 | _a692.50943 | ||
| 100 | _aHardy, T.J. | ||
| 245 | _aGermany: a challenge for the estimator. | ||
| 260 |
_aAscot, Berks. _bChartered Institute of Building _c1992 |
||
| 300 | _a8p. ; 30cm. | ||
| 350 | _a3.5 | ||
| 490 |
_aConstruction Papers _v11 |
||
| 650 | _aBUILT ENVIRONMENT-BUILDING COSTS | ||
| 650 | _aESTIMATING | ||
| 650 | _aTENDERING | ||
| 650 | _aVOB | ||
| 690 | _aOVERSEAS-EUROPE | ||
| 710 |
_aChartered Institute of Building _92134 |
||
| 942 | _n0 | ||
| 948 | _c04/03/1997 | ||
| 999 |
_c90967 _d90967 |
||